| 000 | 01092nam a22002775a 4500 | ||
|---|---|---|---|
| 003 | EG-ScBUE | ||
| 005 | 20221026094955.0 | ||
| 008 | 180527s1998 ua a f 000 0 ara d | ||
| 017 | _a98 / 10607 | ||
| 020 | _a9773050491 | ||
| 040 |
_aEG-ScBUE _bara _erda _cEG-ScBUE _dEG-ScBUE |
||
| 041 | 0 |
_aara _aeng |
|
| 043 | _af-ua--- | ||
| 082 | 0 | 4 |
_a704.0396 _bن د ي _222 |
| 100 | 1 |
_aنديم، أسعد، _eمؤلف. |
|
| 245 | 1 | 0 |
_aفنون وحرف تقليدية من القاهرة / _cأسعد نديم. |
| 264 | 1 |
_aالقاهرة : _bوزارة الثقافة، قطاع العلاقات الثقافية الخارجية، الإدارة العامة للإعلام الخارجي، _c1998. |
|
| 300 |
_a1 مجلد (متعدد الترقيم) : _bإيضاحيات ملونة ؛ _c28 سم. |
||
| 490 | 0 | _aسلسلة كتب بريزم المتخصصة | |
| 541 |
_aالسفير علي الحفني ؛ _cإهداء ؛ |
||
| 650 | 7 |
_aفنون زخرفية _zمصر _zالقاهرة. _2BUEsh |
|
| 651 | _2BUEsh | ||
| 653 |
_bGGEN _cMay2018 |
||
| 655 | _vReading book | ||
| 942 | _2ddc | ||
| 999 |
_c26774 _d26746 |
||